000 02292nam1a22004331 4500
001 RU\NLR\A1DV\25670
005 20251203152403.2
035 _a(NLR Aleph) 010777034
090 _a10048585
_c10048585
100 _a19990604d1818 k y0rusy50 ca
101 1 _arus
_cfre
102 _aRU
140 _aa y eba yaa0100
200 1 _aВсеобщая мифология, сравненная с историею.
_fСочинение аббата Трессана.
_gПеревод с французскаго
210 _aМосква
_cв Университетской типографии
_d1818
215 _d12°
300 _aЦенз.: М.М.Снегирев, 20 сент. 1815 г. (ч.1), 10 дек. 1815 г. (ч.2, 3), 10 дек. 1817 г. (ч.4)
300 _aТитул. изд. кн. 1817 г. (с заменой посвящения и шмуцтит.)
300 _aИмеются ошибки в колонцифрах
300 _aИмеются подстроч. примеч.
300 _aСюжет. мифол. ил. Грав. очерком.
300 _aНа с.[5] ч.1 посвящ. пер. А.Н.Голицыну с подписью: Иван Снегирев
320 _aРеэстр имян богов, героев, писателей, также различных мест и проч., описанных [!] во всеобщей мифологии, расположенный по алфавиту (С.89-95 ч.4)
321 1 _aОбольян. 2694
321 1 _aПлав. 3818
321 1 _aСмирд. 2966
620 _dМосква
700 1 _aТрессан
_bМ. де
_f1749-1809
_gМорис де
_3RU\NLR\AUTH\77108768
_4070
702 1 _aСнегирев
_bИ. М.
_f1793-1868
_gИван Михайлович
_3RU\NLR\AUTH\7760011
_4730
702 1 _aСнегирев
_bМ. М.
_f1760-1820
_gМихаил Матвеевич
_4190
702 1 _aГолицын
_bА. Н.
_f1773-1844
_gАлександр Николаевич
_3RU\NLR\AUTH\7760486
_4280
712 0 2 _aМосковский университет
_bТипография
_3RU\NLR\AUTH\889932963
_4610
801 0 _aRU
_bNLR
_c19990604
852 _aNLR
_j18.23.7.15-1-4
852 _aNLR
_j137/667-1-4
942 _cBOOK
980 _aNB
980 _aA1DV